Dějepis pro devátý ročník zvláštní školy : pracovní sešit /

Hlavní autor: Müller, Oldřich, 1957-
Další autoři: Müllerová, Jaroslava
Jazyk: Čeština
Vydáno: Praha : Parta, 2003
Vydání: 3. vyd.
Témata:
Externí odkaz: Digitalizovaný dokument
Fyzický popis: 43 s. : il., mapy, portréty ; 30 cm
Knihy
Uloženo v:
LEADER 01904nam a2200493 a 4500
001 000693398
003 CZ BrMZK
005 20240926140838.0
007 ta
008 031021s2003 xr abc c p 000 0 cze d
015 |a cnb001290250 
020 |a 80-7320-042-2  |q (brož.) 
035 |a (OCoLC)56872579 
040 |a BOA001  |b cze 
043 |a e-cs--- 
045 |a x1x8 
072 7 |a 94(437)  |x Dějiny Česka a Slovenska  |2 Konspekt  |9 8 
072 7 |a 37.016  |x Učební osnovy. Vyučovací předměty. Učebnice  |2 Konspekt  |9 22 
080 |a 93/94  |2 MRF 
080 |a 94(437)  |2 MRF 
080 |a (437)  |2 MRF 
080 |a (076.1)  |2 MRF 
080 |a (075.2)  |2 MRF 
100 1 |a Müller, Oldřich,  |d 1957-  |7 jo20010085423  |4 aut 
245 1 0 |a Dějepis pro devátý ročník zvláštní školy :  |b pracovní sešit /  |c [autoři: Oldřich Müller a Jaroslava Müllerová ; ilustrace Jan Štěpánek] 
246 1 4 |a Dějepis pro 9. ročník Zvš 
250 |a 3. vyd. 
260 |a Praha :  |b Parta,  |c 2003 
300 |a 43 s. :  |b il., mapy, portréty ;  |c 30 cm 
500 |a Podnázev v tiráži: Období 1918-1989 
500 |a Dostupné též v digitální podobě v aplikaci Kramerius 
650 0 7 |a dějepis  |7 ph117186  |2 czenas 
650 0 9 |a history  |2 eczenas 
651 7 |a Československo  |7 ge131689  |x dějiny  |2 czenas 
651 9 |a Czechoslovakia  |x history  |2 eczenas 
655 7 |a učebnice základních škol  |7 fd133773  |2 czenas 
655 7 |a pracovní sešity  |7 fd133116  |2 czenas 
655 9 |a textbooks (elementary)  |2 eczenas 
655 9 |a activity books  |2 eczenas 
700 1 |a Müllerová, Jaroslava  |7 jx20050701056  |4 aut 
856 4 1 |u http://www.digitalniknihovna.cz/mzk/uuid/uuid:dc342aa0-12ac-11e6-8bb0-005056827e52  |y Digitalizovaný dokument  |x NDK 
910 |a BOA001  |b 4-1124.393 
990 |a BK 
996 6 |b 2610200802  |c 4-1124.393  |l MZK  |r Sklad / do 1 hodiny  |n 2  |p p.v.  |w 000693398  |u 000010  |a 1  |e BOA001  |j MZK50  |s P